000 00266nam a22001097a 4500
008 160704b xxu||||| |||| 00| 0 eng d
100 _91977
_aAlcott, L.M
245 _aLittle Women
260 _aN.Y
_b Children's Classics
300 _aLittle Women
942 _2ddc
_cBK
999 _c1680
_d1680